Statistics for Largest Countries Containing 'H'

Click here to take the quiz!

General Stats

  • This quiz has been taken 432 times
  • The average score is 14 of 20

Answer Stats

kmCountrymi% Correct
9,572,900China3,696,100
95%
1,221,037South Africa471,445
89%
2,724,900Kazakhstan1,052,100
87%
93,028Hungary35,918
86%
112,492Honduras43,433
83%
756,102Chile291,933
82%
100,210South Korea38,690
80%
619,745South Sudan239,285
80%
513,120Thailand198,120
78%
1,284,000Chad496,000
74%
652,230Afghanistan251,830
72%
1,104,300Ethiopia426,400
70%
147,570Bangladesh56,980
67%
120,538North Korea46,540
66%
300,000Philippines120,000
65%
2,344,858D.R. Congo905,355
62%
238,533Ghana92,098
61%
342,000R.Congo132,000
58%
78,865Czech Republic30,450
42%
65,300Lithuania25,200
38%

Score Distribution

Percentile by Number Answered

Percent of People with Each Score

Your Score History

You have not taken this quiz